000 01086cas a2200253 a 4500
005 20150813123824.0
008 890815c1978 ck qr p r f0 0a0spa d
022 _a0120-0739
040 _aCO-BoBLA
_cCO-BoBLA
041 0 _aspa
090 _aSE
245 1 0 _aColombia forestal /
_cFacultad del medio ambiente y recursos naturales - Proyecto curricular de ingeniería forestal - Universidad Distrital Francisco José de Caldas
260 3 _aBogotá (Colombia):
_bFacultad del Medio Ambiente y Recursos Naturales,
_c1978- .
300 _bil. ;
_c26 cm.
500 _aDescripción: Vol. 10 N° 20.
504 _aIncluye referencias bibliográficas.
650 4 _aBosques
_z Colombia
_v Publicaciones seriadas.
650 4 _aMadera
_v Publicaciones seriadas.
651 4 _aBogotá (Colombia)
_v Publicaciones seriadas.
651 4 _aColombia
_v Publicaciones seriadas.
710 2 _aUniversidad Distrital Francisco José de Caldas (Bogotá)
_b, Proyecto Currícular de Ingeniería Forestal
942 _2z
_cARTICULO
_s1
949 _ac
_bc
999 _c17668
_d17668